Loading...
| Current Events | 2 | 20.00 | 100% | 50% | 50% |
| Fine Arts - Classical Music | 3 | 26.67 | 100% | 100% | 67% |
| Fine Arts - Other Fine Arts | 3 | 20.00 | 100% | 67% | 33% |
| Geography | 2 | 20.00 | 100% | 50% | 50% |
| History - American History | 6 | 16.67 | 100% | 50% | 17% |
| History - European History | 5 | 20.00 | 100% | 100% | 0% |
| History - Other History | 6 | 13.33 | 83% | 50% | 0% |
| History - World History | 5 | 16.00 | 100% | 60% | 0% |
| Literature - American Literature | 5 | 8.00 | 60% | 20% | 0% |
| Literature - British Literature | 4 | 10.00 | 50% | 50% | 0% |
| Literature - European Literature | 4 | 17.50 | 100% | 50% | 25% |
| Literature - World Literature | 3 | 13.33 | 100% | 33% | 0% |
| Mythology | 1 | 10.00 | 100% | 0% | 0% |
| Painting/Sculpture | 4 | 17.50 | 100% | 75% | 0% |
| Pop Culture | 2 | 15.00 | 100% | 50% | 0% |
| Religion | 3 | 13.33 | 67% | 67% | 0% |
| Science - Biology | 3 | 20.00 | 100% | 100% | 0% |
| Science - Chemistry | 4 | 27.50 | 100% | 100% | 75% |
| Science - Other Science | 5 | 20.00 | 100% | 100% | 0% |
| Science - Physics | 5 | 20.00 | 100% | 80% | 20% |
| Social Science | 2 | 15.00 | 100% | 50% | 0% |